000 00736nam a2200265 a 4500
003 AR-BaBNM
005 20251128205215.0
008 082120s2002 ||||||||||||||000 | spa||
020 _a950-582-190-5
040 _cAR-BaBNM
100 1 _aAlayón, Norberto
245 0 0 _aDefiniendo al trabajo social
250 _a2ª ed. aum. y corr.
260 _aBuenos Aires
_bHumanitas
_c1987
300 _a103 p.
_btablas
490 0 _aDesarrollo Social
500 _aContiene referencias bibliográficas
650 4 _aTRABAJO SOCIAL
650 4 _aTRABAJADORES SOCIALES
650 4 _aCOMPILACION BIBLIOGRAFICA
650 4 _aCONDICION PROFESIONAL
800 1 _aSierra de Villaverde, Sela
_edirector
942 _cBK
998 _csilvi
999 _c10454
_d10454